000 00686nam a2200205 i 4500
001 111682
003 ES-MaACL
005 20250804062543.0
007 t|
008 061121s1968 sp r ||||1| spa d
245 0 0 _aNarrativa cubana de la revolución /
_cprólogo , selección y notas de J. M. Caballero Bonald.
260 _aMadrid :
_bAlianza,
_c1968.
300 _a258 p. ;
_c18 cm.
490 1 _aEl libro de bolsillo ;
_v149
650 4 _aLiteratura cubana-
_yS.XX.
_914532
700 1 _aCaballero Bonald, José Manuel,
_d1926-2021
_9226628
830 0 3 _aEl libro de bolsillo
_v149
_9177802
852 _aES-MaACL
_jC-36304
_bR.68064
999 _c111682
_d111682